Porušovanie práv z priemyselného vlastníctva

Následky porušení priemyselných práv. Námietkové konanie o ochrannej známke. V prípade zhodnej alebo zameniteľnej ochrannej známky a obchodného mena má prednosť staršie právo. Porušovanie priemyselných práv rieši aj Trestný zákon.

Saved in:
Bibliographic Details
Main Author: Litváková, Edita
Format: Book Chapter
Language:Slovak
Subjects:
Tags: Add Tag
No Tags, Be the first to tag this record!

MARC

LEADER 00000naa a2200000 4500
001 r039465
005 20230824105713.2
041 0 |a slo 
044 |a SK 
245 1 0 |a Porušovanie práv z priemyselného vlastníctva  |c Edita Litváková 
520 |a Následky porušení priemyselných práv. Námietkové konanie o ochrannej známke. V prípade zhodnej alebo zameniteľnej ochrannej známky a obchodného mena má prednosť staršie právo. Porušovanie priemyselných práv rieši aj Trestný zákon. 
610 2 0 |a vlastníctvo priemyselné 
610 2 0 |a právo priemyselné 
610 2 0 |a známky ochranné 
610 2 0 |a zákony 
610 2 0 |a Slovensko 
610 2 0 |a meno obchodné 
610 2 0 |a zákonník obchodný 
100 1 |a Litváková, Edita